000 00997nam a2200241 a 4500
001 BRCA_1060
005 20190320203248.0
008 070508s2003----sw-a######---#000-0#eng-#
020 _a919744135X
020 _a9185213012
041 _aeng
044 _asw
050 4 _aNK1457.A1
_b.S33 2003
245 1 0 _aScandinavian Design Beyond the Myth
_bFifty Years of Design from the Nordic Countries
_cedited by Widar Halén and Kerstin Wickman.
260 _aEstocolmo, Suecia
_bArvinius Förlag : Form Förlag
_c2003
300 _a229 p.
_bil. (algunas a color)
_c29 cm.
500 _aIncluye información acerca de los autores e índice
500 _aCatálogo de la exposición realizada en el Kunstgewerbemuseum (Berlin), 11 noviembre, 2003 - febrero 2004 y viajo a través de varios sitios europeos en noviembre, 2007
650 1 4 _aDiseño
_vExposiciones
_xHistoria
_ySiglo XX
_zEscandinavia
_93491
700 1 _aHalén, Widar
_93492
700 1 _aWickman, Kerstin
_d1941-
_93493
942 _2lcc
_cB
999 _c939
_d939